Handbook of laboratory and diagnostic tests: with nursing implications.-- 4th ed. (Record no. 31610)

MARC details
000 -LEADER
fixed length control field 00764nam a2200193 a 4500
008 - FIXED-LENGTH DATA ELEMENTS--GENERAL INFORMATION
fixed length control field 111020s2001 ||||||||||||||||| || u
020 ## - INTERNATIONAL STANDARD BOOK NUMBER
International Standard Book Number 0130305170
050 ## - LIBRARY OF CONGRESS CALL NUMBER
Classification number RB 38.2 Kee
100 ## - MAIN ENTRY--PERSONAL NAME
Personal name Kee, Joyce LeFever
245 10 - TITLE STATEMENT
Title Handbook of laboratory and diagnostic tests: with nursing implications.-- 4th ed.
250 ## - EDITION STATEMENT
Edition statement 4th ed.
260 ## - PUBLICATION, DISTRIBUTION, ETC.
Place of publication, distribution, etc. Upper Saddle River, N.J.
Name of publisher, distributor, etc. Prentice Hall
Date of publication, distribution, etc. 2001
300 ## - PHYSICAL DESCRIPTION
Extent xvi, 508p.
350 ## -
-- 0.00
650 ## - SUBJECT ADDED ENTRY--TOPICAL TERM
Topical term or geographic name entry element NURSING--HANDBOOKS, MANUALS, ETC
650 ## - SUBJECT ADDED ENTRY--TOPICAL TERM
Topical term or geographic name entry element DIAGNOSIS, LABORATORY--HANDBOOKS, MANUALS, ETC
650 ## - SUBJECT ADDED ENTRY--TOPICAL TERM
Topical term or geographic name entry element DIAGNOSIS
995 ## -
-- MEDICAL LIBRARY OPEN ACCESS
-- 0.00
-- 900208
-- CBU-SCHOOL OF MEDICINE LIBRARY (Ndola)
-- 1
-- 0.00
-- RB 38.2 Kee
-- 1
-- AVAILABLE
-- Oct 20, 2011
-- 900208
-- Medical Library Open Access Collection
999 ## -
-- 31610
-- 31610
Holdings
Withdrawn status Lost status Source of classification or shelving scheme Damaged status Not for loan Permanent Location Current Location Shelving location Date acquired Total Checkouts Full call number Barcode Date last seen Price effective from Koha item type
          CBU-SCHOOL OF MEDICINE LIBRARY, NDOLA. CBU-SCHOOL OF MEDICINE LIBRARY, NDOLA.   11/30/2022   RB 38.2 Kee 900208 11/30/2022 11/30/2022 MONOGRAPH